[Event "NAYCC U14"]
[Site "Montreal CAN"]
[Date "2010.08.17"]
[Round "3"]
[White "Molev, Daniel"]
[Black "Markelov, Lev"]
[Result "1/2-1/2"]
[WhiteElo "1239"]
[BlackElo "1416"]
[PlyCount "111"]
[EventDate "2010.08.16"]
[EventType "swiss"]
[EventRounds "7"]
[EventCountry "CAN"]

1. e4 e6 2. d4 d5 3. Nc3 Nf6 4. Bg5 Be7 5. e5 Nfd7 6. Bxe7 Qxe7 7. Qh5 c5 8.
Nf3 Nc6 9. Nb5 O-O 10. Bd3 h6 11. O-O-O c4 12. Be2 a6 13. Nd6 b5 14. g4 f6 15.
Nxc8 Raxc8 16. exf6 Rxf6 17. g5 Rf5 18. h4 Qf7 19. Qg4 h5 20. Qg3 g6 21. Rde1
Qe7 22. Bf1 Nd8 23. Bh3 c3 24. Bxf5 cxb2+ 25. Kb1 gxf5 26. Re2 Rc3 27. Re3 Rxe3
28. fxe3 Nb6 29. Qe1 Qa3 30. c3 Na4 31. Kc2 Nc6 32. g6 b4 33. Kd3 bxc3 34. Qg3
c2+ 35. Kxc2 Nb4+ 36. Kd2 Qc3+ 37. Ke2 Qd3+ 38. Kf2 Qc2+ 39. Nd2 Qxd2+ 40. Kf3
Nc6 41. Qc7 Nxd4+ 42. exd4 Qd3+ 43. Kf2 Qxd4+ 44. Ke2 Qg4+ 45. Kd2 Qxg6 46.
Qd8+ Kf7 47. Qd7+ Kf6 48. Qd8+ Ke5 49. Re1+ Kd4 50. Qh8+ Kc4 51. Qc8+ Kb5 52.
Qd7+ Ka5 53. Qc7+ Kb5 54. Qd7+ Ka5 55. Qc7+ Kb5 56. Qd7+ 1/2-1/2

[Event "NAYCC U14"]
[Site "Montreal CAN"]
[Date "2010.08.17"]
[Round "3"]
[White "Qian, Jack"]
[Black "Mikerlange, Roseme"]
[Result "1-0"]
[WhiteElo "855"]
[BlackElo "650"]
[PlyCount "71"]
[EventDate "2010.08.16"]
[EventType "swiss"]
[EventRounds "7"]
[EventCountry "CAN"]

1. e4 e5 2. Nf3 Nc6 3. d4 Bb4+ 4. c3 Bd6 5. Nbd2 Nf6 6. Bd3 O-O 7. O-O Ng4 8.
h3 Nh6 9. Nc4 Qf6 10. Bg5 Qe6 11. d5 Qe8 12. dxc6 dxc6 13. Bc2 Be6 14. Nxd6
cxd6 15. Qxd6 Bc4 16. Rfd1 Rd8 17. Bxd8 g6 18. Be7 Be2 19. Bxf8 Bxd1 20. Rxd1
Qxf8 21. Qxf8+ Kxf8 22. Nxe5 f6 23. Nd7+ Ke7 24. Bb3 a6 25. Nc5 f5 26. Rd7+ Ke8
27. exf5 gxf5 28. Rxh7 Nf7 29. Rxf7 b6 30. Nxa6 c5 31. h4 b5 32. Nxc5 f4 33. h5
f3 34. h6 fxg2 35. h7 b4 36. h8=Q# 1-0

[Event "NAYCC U14"]
[Site "Montreal CAN"]
[Date "2010.08.17"]
[Round "3"]
[White "Regam, Jay"]
[Black "Johnson, Nicholas"]
[Result "0-1"]
[WhiteElo "1417"]
[BlackElo "1317"]
[PlyCount "102"]
[EventDate "2010.08.16"]
[EventType "swiss"]
[EventRounds "7"]
[EventCountry "CAN"]

1. e4 c5 2. Nf3 d6 3. d4 cxd4 4. Nxd4 Nf6 5. Nc3 g6 6. f3 Bg7 7. Be3 O-O 8. Qd2
Bd7 9. O-O-O Nc6 10. g4 Rc8 11. h4 h5 12. g5 Nh7 13. f4 Qa5 14. a3 a6 15. Bh3
Bxh3 16. Rxh3 Nxd4 17. Bxd4 Rc4 18. Bxg7 Kxg7 19. Qd5 Qc7 20. Rf3 Qc6 21. Qxc6
Rxc6 22. Rd4 f6 23. Nd5 fxg5 24. Nxe7 g4 25. Rf1 Rc7 26. Nd5 Rcf7 27. Rdd1 Nf6
28. Nc3 Ne8 29. Nd5 Nf6 30. Nc3 Rd7 31. Rd2 Re8 32. Rd4 Rde7 33. Rxd6 Nxe4 34.
Nxe4 Rxe4 35. Rd7+ R4e7 36. Rxe7+ Rxe7 37. f5 Rf7 38. Kd2 gxf5 39. b4 Kf6 40.
c4 b6 41. Kc3 Rc7 42. a4 Ke5 43. Rd1 Ke6 44. Rd5 g3 45. Rd8 Rg7 46. Rd1 g2 47.
Rg1 f4 48. a5 bxa5 49. b5 axb5 50. cxb5 f3 51. b6 f2 0-1

[Event "NAYCC U14"]
[Site "Montreal CAN"]
[Date "2010.08.17"]
[Round "3"]
[White "Shen, Arthur"]
[Black "Semianiuk, Konstantin"]
[Result "0-1"]
[WhiteElo "2220"]
[BlackElo "2168"]
[PlyCount "98"]
[EventDate "2010.08.16"]
[EventType "swiss"]
[EventRounds "7"]
[EventCountry "CAN"]

1. e4 c5 2. Nf3 Nc6 3. d4 cxd4 4. Nxd4 Qb6 5. Nb3 Nf6 6. Nc3 e6 7. Be3 Qc7 8.
f3 Bb4 9. Qd2 d5 10. a3 Bxc3 11. Qxc3 dxe4 12. fxe4 O-O 13. Bd3 Ng4 14. Bc5 Rd8
15. O-O-O b6 16. h3 Nge5 17. Bd4 Bb7 18. Bb5 f6 19. Qe3 Rac8 20. Bc3 Ne7 21. g4
Nc4 22. Bxc4 Qxc4 23. Rde1 Bc6 24. Rhg1 Bd7 25. Kb1 Rc7 26. Nd4 Bc8 27. Rg3
Rcd7 28. Nb3 Rd1+ 29. Ka2 Rxe1 30. Qxe1 a5 31. Kb1 a4 32. Nd2 Qc7 33. h4 b5 34.
h5 h6 35. Rg1 e5 36. Nf3 Qc4 37. Nd2 Qc7 38. Qe2 Qb6 39. Rf1 Be6 40. Re1 Nc6
41. Nf1 b4 42. axb4 Nxb4 43. Ne3 a3 44. b3 Nd3 45. Ka2 Nxe1 46. Qxe1 Rb8 47.
Nf5 Bxb3+ 48. cxb3 Qxb3+ 49. Ka1 a2 0-1

[Event "NAYCC U14"]
[Site "Montreal CAN"]
[Date "2010.08.17"]
[Round "3"]
[White "Sun, Mike"]
[Black "Liu, Mu Dong"]
[Result "0-1"]
[WhiteElo "1163"]
[BlackElo "1089"]
[PlyCount "30"]
[EventDate "2010.08.16"]
[EventType "swiss"]
[EventRounds "7"]
[EventCountry "CAN"]

1. e4 e5 2. Nf3 Nc6 3. Bc4 Nf6 4. Nc3 Nxe4 5. Bxf7+ Kxf7 6. Nxe4 h6 7. O-O d5
8. Nc3 Bg4 9. h3 Bh5 10. Nxe5+ Nxe5 11. Qxh5+ Ke6 12. Re1 Kf6 13. Qxe5+ Kg6 14.
Qf5+ Kxf5 15. d4 Kf6 0-1

[Event "NAYCC U14"]
[Site "Montreal CAN"]
[Date "2010.08.17"]
[Round "3"]
[White "Xiang, Qun Tian"]
[Black "Xu, Tian Run"]
[Result "0-1"]
[WhiteElo "1112"]
[BlackElo "1368"]
[PlyCount "48"]
[EventDate "2010.08.16"]
[EventType "swiss"]
[EventRounds "7"]
[EventCountry "CAN"]

1. e4 c5 2. Nf3 d6 3. d4 cxd4 4. Nxd4 Nf6 5. Nc3 g6 6. f3 Bg7 7. Be3 Nc6 8. Qd2
O-O 9. O-O-O Bd7 10. Bc4 Rc8 11. Bd5 a6 12. h4 b5 13. Nxc6 Bxc6 14. Bxc6 Rxc6
15. Nd5 Nxd5 16. Qxd5 Qd7 17. Qb3 Rfc8 18. Rd2 a5 19. a3 a4 20. Qd3 b4 21. axb4
a3 22. Kb1 axb2 23. Ka2 Ra8+ 24. Kb3 Rc3+ 0-1

[Event "NAYCC U14"]
[Site "Montreal CAN"]
[Date "2010.08.17"]
[Round "3"]
[White "Zhang, Zhiyuan"]
[Black "Sohal, Tanraj"]
[Result "1/2-1/2"]
[WhiteElo "2048"]
[BlackElo "1646"]
[PlyCount "105"]
[EventDate "2010.08.16"]
[EventType "swiss"]
[EventRounds "7"]
[EventCountry "CAN"]

1. e4 c5 2. c3 d5 3. exd5 Qxd5 4. d4 Nf6 5. Nf3 e6 6. Be2 Nc6 7. Be3 cxd4 8.
cxd4 Bb4+ 9. Nc3 Qa5 10. Bd2 Qd8 11. a3 Ba5 12. Be3 Nd5 13. Qc2 O-O 14. O-O
Nce7 15. Bd3 f5 16. Bd2 Bb6 17. Rfe1 h6 18. Qb3 Nc7 19. Bf4 Ncd5 20. Be5 Bd7
21. Bd6 Ba4 22. Nxa4 Qxd6 23. Nxb6 axb6 24. Bc4 Kh7 25. Bxd5 Nxd5 26. Re5 Rfe8
27. Rae1 Nc7 28. h3 b5 29. Rc1 b6 30. Re2 Re7 31. Rec2 Ra7 32. Ne5 Rb7 33. Qd3
Re8 34. Qg3 Re7 35. Qg6+ Kg8 36. Rd2 Qd5 37. Rc3 Qd6 38. Rg3 f4 39. Rf3 Nd5 40.
Ng4 Kh8 41. Qd3 b4 42. Ne5 Kg8 43. Nc4 Qd8 44. g3 Rf7 45. Qe4 bxa3 46. bxa3 Rf6
47. g4 Rc7 48. Ne5 Nc3 49. Qd3 Nd5 50. Rc2 Qc8 51. Rxc7 Qxc7 52. Qc4 Qxc4 53.
Nxc4 1/2-1/2

[Event "NAYCC U14"]
[Site "Montreal CAN"]
[Date "2010.08.17"]
[Round "4"]
[White "Ding, Andrew"]
[Black "Itkin, David"]
[Result "1-0"]
[WhiteElo "2049"]
[BlackElo "1741"]
[PlyCount "111"]
[EventDate "2010.08.16"]
[EventType "swiss"]
[EventRounds "7"]
[EventCountry "CAN"]

1. d4 Nf6 2. c4 e5 3. dxe5 Ng4 4. Bf4 g5 5. Bg3 Bg7 6. Nf3 Nc6 7. Nc3 Ngxe5 8.
Nxe5 Nxe5 9. e4 d6 10. Qb3 Bd7 11. Qxb7 Rb8 12. Qxa7 Rxb2 13. Qa3 Rc2 14. Rb1
Nd3+ 15. Bxd3 Rxc3 16. Rb3 Rxb3 17. axb3 Bc3+ 18. Ke2 O-O 19. h4 f5 20. Qc1
fxe4 21. Bxe4 Re8 22. Kd3 Bf6 23. hxg5 Bxg5 24. Bxh7+ Kg7 25. Bf4 Bf6 26. Be4
Rxe4 27. Kxe4 Qa8+ 28. Ke3 Bf5 29. Ke2 Qa2+ 30. Kf1 Qxb3 31. Kg1 Bb2 32. Bh6+
Kf7 33. Qd2 Be5 34. Bf4 Bxf4 35. Qxf4 Qd1+ 36. Kh2 Qh5+ 37. Kg3 Qxh1 38. Qxf5+
Ke7 39. Qc8 Qc1 40. Qxc7+ Ke6 41. Qc8+ Ke7 42. Qb7+ Ke6 43. Qe4+ Kd7 44. f4
Qc3+ 45. Kg4 Qg7+ 46. Kh5 Qh8+ 47. Kg5 Qd8+ 48. Kg4 Qg8+ 49. Kf3 Qh8 50. Qb7+
Ke6 51. f5+ Kxf5 52. Qd5+ Kg6 53. Qxd6+ Kg5 54. Qe7+ Kg6 55. Qe6+ Kg5 56. Qg4+
1-0

[Event "NAYCC U14"]
[Site "Montreal CAN"]
[Date "2010.08.17"]
[Round "4"]
[White "Farrant-Diaz, Nathan"]
[Black "Shen, Arthur"]
[Result "0-1"]
[WhiteElo "1319"]
[BlackElo "2220"]
[PlyCount "100"]
[EventDate "2010.08.16"]
[EventType "swiss"]
[EventRounds "7"]
[EventCountry "CAN"]

1. e4 c5 2. Nc3 d6 3. g3 Nc6 4. Bg2 g6 5. d3 Bg7 6. Be3 e6 7. Qd2 a6 8. Nd1 h5
9. c3 Nf6 10. h3 Qc7 11. Ne2 b6 12. f4 Bb7 13. O-O Ne7 14. Nf2 Nd7 15. Rac1
O-O-O 16. d4 f5 17. b4 c4 18. Qc2 h4 19. g4 fxg4 20. Nxg4 Nf6 21. Nxf6 Bxf6 22.
e5 Bxg2 23. exf6 Nf5 24. Bf2 Bxh3 25. Qe4 Bxf1 26. Qxe6+ Kb8 27. Kxf1 h3 28.
Qe4 h2 29. Kg2 Rde8 30. Qf3 Rxe2 31. Qxe2 Qc6+ 32. Qf3 Qxf3+ 33. Kxf3 h1=Q+ 34.
Rxh1 Rxh1 35. Kg4 Kc7 36. Kg5 d5 37. f7 Rh8 38. Kxg6 Nd6 39. Kg7 Nxf7 40. Kxf7
Rh2 41. Bg3 Rh3 42. Be1 Re3 43. Bh4 Rxc3 44. f5 Kd7 45. f6 Rh3 46. Bg5 Rg3 47.
Kg6 Ke8 48. Kf5 Rxg5+ 49. Kxg5 c3 50. Kg6 Kf8 0-1

[Event "NAYCC U14"]
[Site "Montreal CAN"]
[Date "2010.08.17"]
[Round "4"]
[White "Johnson, Nicholas"]
[Black "Guo, Forest"]
[Result "1/2-1/2"]
[WhiteElo "1317"]
[BlackElo "1601"]
[PlyCount "94"]
[EventDate "2010.08.16"]
[EventType "swiss"]
[EventRounds "7"]
[EventCountry "CAN"]

1. c4 e5 2. Nc3 Nf6 3. g3 g6 4. Bg2 Bg7 5. Nf3 Nc6 6. O-O d6 7. b3 O-O 8. Bb2
h6 9. Rc1 Bf5 10. d3 Qd7 11. Re1 Bh3 12. Bh1 Ng4 13. Nd5 f5 14. d4 g5 15. dxe5
Ngxe5 16. Qd2 Rad8 17. Red1 f4 18. Qc2 Bf5 19. Qd2 fxg3 20. hxg3 b6 21. Ba3 a5
22. Nxc7 Qxc7 23. Bxd6 Qf7 24. Nxe5 Nxe5 25. Bd5 Be6 26. Bxf8 Rxf8 27. Bxe6
Qxe6 28. Qd5 Qxd5 29. Rxd5 Ng4 30. Rf1 Re8 31. Kg2 Re6 32. Rfd1 Bf8 33. Rd8 Kf7
34. R1d7+ Be7 35. Rh8 Kg7 36. Re8 Kf7 37. Rb8 Kg6 38. f3 Nf6 39. Rd2 Bc5 40. e4
g4 41. fxg4 Rxe4 42. Kf3 Re3+ 43. Kf4 Re4+ 44. Kf3 Re3+ 45. Kg2 Re4 46. Kh3 Kg7
47. Rb7+ Kg6 1/2-1/2

[Event "NAYCC U14"]
[Site "Montreal CAN"]
[Date "2010.08.17"]
[Round "4"]
[White "Knox, Christopher"]
[Black "Li, Brian"]
[Result "1/2-1/2"]
[WhiteElo "1912"]
[BlackElo "2072"]
[PlyCount "38"]
[EventDate "2010.08.16"]
[EventType "swiss"]
[EventRounds "7"]
[EventCountry "CAN"]

1. d4 Nf6 2. c4 g6 3. Nc3 d5 4. Nf3 Bg7 5. Bg5 Ne4 6. cxd5 Nxc3 7. bxc3 Qxd5 8.
Bf4 c5 9. e3 cxd4 10. cxd4 Nc6 11. Be2 Qa5+ 12. Qd2 Qxd2+ 13. Nxd2 O-O 14. O-O
e5 15. dxe5 Nxe5 16. Rab1 b6 17. Nf3 Nc6 18. Bb5 Bb7 19. a4 Rac8 1/2-1/2

[Event "NAYCC U14"]
[Site "Montreal CAN"]
[Date "2010.08.17"]
[Round "4"]
[White "Lepine, Cedric"]
[Black "Xu, Tian Run"]
[Result "1/2-1/2"]
[WhiteElo "1663"]
[BlackElo "1368"]
[PlyCount "47"]
[EventDate "2010.08.16"]
[EventType "swiss"]
[EventRounds "7"]
[EventCountry "CAN"]

1. d4 d5 2. c4 e6 3. Nc3 Be7 4. Nf3 Nf6 5. g3 Nbd7 6. Bg2 c6 7. O-O O-O 8. b3
b6 9. Re1 Bb4 10. Bd2 Bxc3 11. Bxc3 Bb7 12. Ne5 Rc8 13. Rc1 Qe7 14. Nxd7 Qxd7
15. e4 Nxe4 16. Bxe4 dxe4 17. Qg4 f5 18. Qf4 Qc7 19. Qxc7 Rxc7 20. Rcd1 Re8 21.
a4 b5 22. c5 bxa4 23. Ra1 Ba6 24. Rxa4 1/2-1/2

[Event "NAYCC U14"]
[Site "Montreal CAN"]
[Date "2010.08.17"]
[Round "4"]
[White "Markelov, Lev"]
[Black "Sun, Mike"]
[Result "0-1"]
[WhiteElo "1168"]
[BlackElo "1163"]
[PlyCount "142"]
[EventDate "2010.08.16"]
[EventType "swiss"]
[EventRounds "7"]
[EventCountry "CAN"]

1. e4 d6 2. d4 Nf6 3. Nc3 g6 4. Nf3 b6 5. Bc4 Bb7 6. O-O Nxe4 7. Nxe4 Bxe4 8.
Re1 Bc6 9. d5 Bd7 10. Ng5 Bg7 11. Qf3 O-O 12. Re4 c6 13. h4 h5 14. Bf4 Bf5 15.
Re3 Bd4 16. Ree1 b5 17. c3 Bxf2+ 18. Kxf2 bxc4 19. Be3 Nd7 20. Bf4 Nc5 21. Kg3
Nd3 22. Re2 Bg4 23. Qe3 Bxe2 24. Qxe2 Nxf4 25. Kxf4 cxd5 26. g4 e5+ 27. Kg3
hxg4 28. Qxg4 Qf6 29. Kh3 Qf5 30. Qxf5 gxf5 31. Rg1 Kh8 32. Rd1 d4 33. cxd4 e4
34. Rf1 e3 35. Rxf5 e2 36. Nf3 Rae8 37. Ne1 Rg8 38. Rh5+ Kg7 39. Rd5 Rd8 40.
Rg5+ Kf6 41. Rg3 Rxg3+ 42. Kxg3 Kf5 43. Kf2 Kg4 44. Kxe2 Re8+ 45. Kd2 Rxe1 46.
Kxe1 Kxh4 47. Kd2 Kg4 48. Kc3 d5 49. b3 cxb3 50. axb3 Kf4 51. Kb4 Ke4 52. Ka5
f5 53. Ka6 f4 54. b4 f3 55. b5 f2 56. Kxa7 f1=Q 57. b6 Qa1+ 58. Kb8 Qxd4 59. b7
Qb4 60. Kc7 d4 61. b8=Q Qxb8+ 62. Kxb8 d3 63. Kc7 d2 64. Kc6 d1=Q 65. Kc5 Qd4+
66. Kc6 Ke5 67. Kc7 Qd6+ 68. Kb7 Kd5 69. Ka8 Qd7 70. Kb8 Kc6 71. Ka8 Qb7# 0-1

[Event "NAYCC U14"]
[Site "Montreal CAN"]
[Date "2010.08.17"]
[Round "4"]
[White "Mikerlange, Roseme"]
[Black "Regam, Jay"]
[Result "0-1"]
[WhiteElo "650"]
[BlackElo "1417"]
[PlyCount "110"]
[EventDate "2010.08.16"]
[EventType "swiss"]
[EventRounds "7"]
[EventCountry "CAN"]

1. e4 e6 2. Nf3 d5 3. Nc3 Nf6 4. Bb5+ c6 5. Bd3 c5 6. Bb5+ Bd7 7. e5 Bxb5 8.
Nxb5 Nfd7 9. d3 Qb6 10. Nd6+ Bxd6 11. exd6 Qxd6 12. O-O O-O 13. g3 Qb6 14. Ng5
h6 15. Nf3 Nc6 16. Be3 d4 17. Bd2 Qxb2 18. Bf4 e5 19. Bd2 Qb6 20. Rb1 Qc7 21.
Re1 Rfe8 22. Bf4 exf4 23. Rxe8+ Rxe8 24. g4 Nce5 25. Qe2 Nxg4 26. Qxe8+ Kh7 27.
Qe4+ Kg8 28. h3 Ngf6 29. Qxb7 Qa5 30. Qc8+ Kh7 31. Rb7 Qxa2 32. Rxd7 Nxd7 33.
Qxd7 a5 34. Qf5+ Kh8 35. Ne5 Kg8 36. Qc8+ Kh7 37. Qxc5 a4 38. Nc4 Qxc2 39. Qxd4
Qb1+ 40. Kg2 Qb7+ 41. f3 Qa6 42. Qc3 Qg6+ 43. Kf1 Qg3 44. d4 Qxh3+ 45. Ke1 h5
46. Qd3+ g6 47. d5 h4 48. d6 Qd7 49. Nb6 Qd8 50. Nxa4 h3 51. Kf2 h2 52. Kg2 Qh4
53. d7 Qg3+ 54. Kf1 h1=Q+ 55. Ke2 Qhe1# 0-1

[Event "NAYCC U14"]
[Site "Montreal CAN"]
[Date "2010.08.17"]
[Round "4"]
[White "Molev, Daniel"]
[Black "Herry, Serwan"]
[Result "1-0"]
[WhiteElo "1218"]
[BlackElo "848"]
[PlyCount "131"]
[EventDate "2010.08.16"]
[EventType "swiss"]
[EventRounds "7"]
[EventCountry "CAN"]

1. e4 c5 2. Nf3 d6 3. Bc4 Nf6 4. Nc3 Nc6 5. Ng5 e6 6. O-O Be7 7. d3 O-O 8. Qf3
Ne5 9. Qg3 Nxc4 10. dxc4 h6 11. Nf3 e5 12. Ne1 Nh5 13. Qf3 Nf6 14. Qg3 Kh7 15.
Nd3 Be6 16. b3 Qd7 17. Rd1 Nh5 18. Qe3 Bg5 19. Qe2 Bxc1 20. Raxc1 g6 21. Nxc5
Qe7 22. Nxe6 Qxe6 23. Nb5 Nf4 24. Qf3 Rad8 25. Nxa7 f5 26. Nb5 fxe4 27. Qxe4
Qg4 28. Kf1 Rf6 29. Qxb7+ Rd7 30. Qf3 Qe6 31. a4 Rdf7 32. Rxd6 Nxg2 33. Qxf6
Ne3+ 34. Ke2 Qg4+ 35. f3 Qg2+ 36. Kxe3 Rxf6 37. Rxf6 Qg5+ 38. f4 Qxf6 39. fxe5
Qg5+ 40. Kd4 Qxc1 41. e6 Qxc2 42. b4 Qb2+ 43. Kd5 Qxb4 44. Nd6 Qxa4 45. e7 Qd1+
46. Kc5 Qg1+ 47. Kc6 Qxh2 48. e8=Q Qg2+ 49. Qe4 Qa2 50. Qe7+ Kh8 51. Qf6+ Kg8
52. Qf7+ Kh8 53. Qxg6 Qa8+ 54. Kc5 Qa3+ 55. Kd5 Qa5+ 56. Ke6 Qe1+ 57. Kf7 Qf2+
58. Qf6+ Qxf6+ 59. Kxf6 Kg8 60. c5 h5 61. c6 h4 62. c7 h3 63. c8=Q+ Kh7 64.
Qxh3+ Kg8 65. Qd7 Kh8 66. Qg7# 1-0

[Event "NAYCC U14"]
[Site "Montreal CAN"]
[Date "2010.08.17"]
[Round "4"]
[White "Morin-Pare, Victor"]
[Black "Jafarov, Amin"]
[Result "1-0"]
[WhiteElo "1058"]
[BlackElo "875"]
[PlyCount "55"]
[EventDate "2010.08.16"]
[EventType "swiss"]
[EventRounds "7"]
[EventCountry "CAN"]

1. e4 e5 2. Nf3 Nc6 3. Bb5 a6 4. Ba4 Nf6 5. O-O b5 6. Bb3 Bc5 7. c3 d5 8. exd5
Nxd5 9. Re1 f6 10. d4 Be7 11. dxe5 Nb6 12. Qxd8+ Nxd8 13. exf6 gxf6 14. Be3 Nc6
15. Bc5 h6 16. Nd4 Ne5 17. Bxe7 Kxe7 18. f4 Bb7 19. fxe5 Nc4 20. exf6+ Kxf6 21.
Bxc4 bxc4 22. Nd2 Rhg8 23. N2f3 c5 24. Re6+ Kf7 25. Ne5+ Kf8 26. Rf1+ Kg7 27.
Rf7+ Kh8 28. Rxh6# 1-0

[Event "NAYCC U14"]
[Site "Montreal CAN"]
[Date "2010.08.17"]
[Round "4"]
[White "Posaratnanathan, Juliaan"]
[Black "Zhang, Zhiyuan"]
[Result "1/2-1/2"]
[WhiteElo "1414"]
[BlackElo "1686"]
[PlyCount "99"]
[EventDate "2010.08.16"]
[EventType "swiss"]
[EventRounds "7"]
[EventCountry "CAN"]

1. e4 e6 2. d4 d5 3. Bd3 c5 4. c3 Nc6 5. Nf3 Nf6 6. Bg5 dxe4 7. Bxe4 Qb6 8.
Bxc6+ bxc6 9. Qb3 Qc7 10. O-O Rb8 11. Qc2 Qb6 12. b3 cxd4 13. cxd4 Nd5 14. Nc3
Nxc3 15. Qxc3 Bb4 16. Qc2 f6 17. Bf4 Ra8 18. Bd2 Bd6 19. Rfc1 Bd7 20. Be3 Qb7
21. Nd2 Qc7 22. h3 O-O 23. Ne4 Ba3 24. Rd1 f5 25. Nc5 f4 26. Bc1 Bxc5 27. dxc5
f3 28. Qe4 fxg2 29. Qxg2 Qe5 30. Rb1 Rf7 31. Be3 Qh5 32. Rd4 e5 33. Rd6 Bxh3
34. Qxc6 Raf8 35. Qd5 Qg4+ 36. Kh2 Qh4 37. Qc4 Qh5 38. Kg1 Qf5 39. Rbd1 e4 40.
Kh2 Qh5 41. Qd5 Bf5+ 42. Kg1 Qg4+ 43. Kf1 Qh3+ 44. Ke1 Bg4 45. Rd4 Qh1+ 46. Kd2
Qd1+ 47. Kc3 Qa1+ 48. Kc4 Be2+ 49. Kb4 Qe1+ 50. Ka3 1/2-1/2

[Event "NAYCC U14"]
[Site "Montreal CAN"]
[Date "2010.08.17"]
[Round "4"]
[White "Semianiuk, Konstantin"]
[Black "Qin, Zi Yi (Joey)"]
[Result "0-1"]
[WhiteElo "2168"]
[BlackElo "2329"]
[PlyCount "140"]
[EventDate "2010.08.16"]
[EventType "swiss"]
[EventRounds "7"]
[EventCountry "CAN"]

1. e4 c5 2. Nf3 d6 3. d4 cxd4 4. Qxd4 Nc6 5. Bb5 Bd7 6. Bxc6 Bxc6 7. c4 Nf6 8.
Nc3 g6 9. O-O Bg7 10. Qd3 O-O 11. Bg5 Re8 12. Rad1 Qa5 13. a3 Rac8 14. Be3 a6
15. Nd2 b5 16. cxb5 axb5 17. Nb3 Qa8 18. f3 Nd7 19. Bd4 Ne5 20. Qe2 Rb8 21. Na2
b4 22. Nxb4 Bb5 23. Qe3 Bxf1 24. Rxf1 e6 25. Kh1 Rec8 26. f4 Nc4 27. Qe2 e5 28.
fxe5 dxe5 29. Bc5 Na5 30. Nxa5 Rxc5 31. Nb3 Rcc8 32. Qf3 Kh8 33. Qe2 Qb7 34.
Nd2 Rd8 35. Nf3 f6 36. h3 Rf8 37. Kh2 Rfd8 38. Rf2 Rbc8 39. Nd5 f5 40. Ng5 Re8
41. Nc3 Qd7 42. exf5 Bh6 43. Nge4 gxf5 44. Nf6 Qe6 45. Nxe8 Rxe8 46. Qf3 e4 47.
Qxf5 Qd6+ 48. g3 Rf8 49. Qxf8+ Bxf8 50. Nxe4 Qe7 51. Re2 Kg7 52. Nc3 Qd7 53. a4
Bd6 54. Kg2 Qc6+ 55. Ne4 Bb4 56. b3 Qd5 57. Re3 Bc5 58. Re1 Bb6 59. b4 Qa2+ 60.
Kf3 Qxa4 61. g4 Qxb4 62. Re2 Qa3+ 63. Kg2 Qd3 64. Ng3 Kf7 65. Re1 Qd5+ 66. Ne4
Kg7 67. Re2 Bc7 68. Kf1 Qd1+ 69. Kf2 Bb6+ 70. Kf3 Qd3+ 0-1

[Event "NAYCC U14"]
[Site "Montreal CAN"]
[Date "2010.08.17"]
[Round "4"]
[White "Shi, Yang Tian Jiao (Sky"]
[Black "Kalra, Agastya"]
[Result "0-1"]
[WhiteElo "1327"]
[BlackElo "1776"]
[PlyCount "106"]
[EventDate "2010.08.16"]
[EventType "swiss"]
[EventRounds "7"]
[EventCountry "CAN"]

1. d4 Nf6 2. c4 c5 3. Nf3 g6 4. Nc3 cxd4 5. Nxd4 Nc6 6. e4 d6 7. Be2 Nxd4 8.
Qxd4 Bg7 9. Qd1 O-O 10. O-O Be6 11. Be3 Qa5 12. Qd2 Rfc8 13. Nd5 Qxd2 14. Bxd2
Nxd5 15. exd5 Bf5 16. g4 Bd7 17. Rab1 a5 18. b3 b5 19. Rbc1 bxc4 20. Rxc4 a4
21. Rxc8+ Rxc8 22. Bc4 axb3 23. axb3 Bxg4 24. Re1 Bf6 25. Kg2 Rb8 26. Rc1 Kg7
27. Bc3 Bd7 28. Kf3 Bb5 29. Ke4 Bxc3 30. Rxc3 Bxc4 31. bxc4 Rb2 32. Kf3 Kf6 33.
Re3 Rc2 34. Re4 g5 35. h4 Rc3+ 36. Kg2 h6 37. hxg5+ hxg5 38. Kf1 Rf3 39. Ke2
Rf5 40. Ke3 Re5 41. f3 Kf5 42. Kd4 Rxe4+ 43. fxe4+ Kf4 44. e5 g4 45. exd6 exd6
46. c5 dxc5+ 47. Kxc5 g3 48. d6 g2 49. Kc6 g1=Q 50. d7 Qc1+ 51. Kd6 Qd2+ 52.
Ke7 Qxd7+ 53. Kxd7 f5 0-1

[Event "NAYCC U14"]
[Site "Montreal CAN"]
[Date "2010.08.17"]
[Round "4"]
[White "Sohal, Tanraj"]
[Black "Qian, Jack"]
[Result "1-0"]
[WhiteElo "2048"]
[BlackElo "855"]
[PlyCount "91"]
[EventDate "2010.08.16"]
[EventType "swiss"]
[EventRounds "7"]
[EventCountry "CAN"]

1. d4 d5 2. c4 c6 3. cxd5 cxd5 4. Nc3 Nf6 5. Bf4 Bf5 6. Qb3 Qb6 7. Qxb6 axb6 8.
e3 e6 9. Bc7 Nbd7 10. Bb5 Rc8 11. Bxb6 Bd6 12. a4 Ra8 13. Bc5 Ke7 14. Bxd6+
Kxd6 15. Nge2 Rhc8 16. O-O Nb8 17. Rfc1 Na6 18. Bxa6 bxa6 19. b4 Rab8 20. Na2
Bc2 21. Nec3 Bd3 22. f3 Nd7 23. Rd1 Bc4 24. a5 Nf6 25. Rdb1 Bd3 26. Rb2 g5 27.
Na4 Nd7 28. Nc5 Bc4 29. Nc3 f6 30. N3a4 Rc7 31. Rc1 Bb5 32. Nc3 Bc4 33. Nb1 Rc6
34. Na3 Bb5 35. Rbc2 Nxc5 36. bxc5+ Kd7 37. Rb2 Rc7 38. Rcb1 Kc6 39. Kf2 e5 40.
Nc2 h5 41. Nb4+ Kb7 42. Nxd5 Rc6 43. Nc3 Ka7 44. Nxb5+ axb5 45. Rxb5 exd4 46.
Rxb8 1-0

[Event "NAYCC U14"]
[Site "Montreal CAN"]
[Date "2010.08.17"]
[Round "4"]
[White "Wen, Yi Zeng"]
[Black "Tang, Leslie"]
[Result "0-1"]
[WhiteElo "1108"]
[BlackElo "1475"]
[PlyCount "68"]
[EventDate "2010.08.16"]
[EventType "swiss"]
[EventRounds "7"]
[EventCountry "CAN"]

1. e4 c5 2. Nf3 d6 3. d4 cxd4 4. Nxd4 Nf6 5. Nc3 g6 6. Be3 Bg7 7. Bc4 O-O 8. h3
Nc6 9. Nf3 a6 10. Bb3 Bd7 11. O-O Rc8 12. Qd2 Na5 13. Nd4 Bc6 14. Nxc6 bxc6 15.
Bh6 e6 16. Bxg7 Kxg7 17. Rfd1 d5 18. exd5 cxd5 19. Ne2 Nc4 20. Bxc4 Rxc4 21. b3
Rc8 22. Qd3 Qb6 23. Rab1 Rfd8 24. c3 Ne4 25. Qd4+ Qxd4 26. cxd4 Rc2 27. Re1
Rxa2 28. Ra1 Rb2 29. Rxa6 Rxb3 30. Rd1 Rb2 31. Kf1 Rc8 32. Ra3 Rcc2 33. Re3
Nd2+ 34. Ke1 Nc4 0-1

[Event "NAYCC U14"]
[Site "Montreal CAN"]
[Date "2010.08.17"]
[Round "4"]
[White "Xiang, Qun Tian"]
[Black "Jiang, Nathan"]
[Result "1/2-1/2"]
[WhiteElo "1112"]
[BlackElo "1375"]
[PlyCount "116"]
[EventDate "2010.08.16"]
[EventType "swiss"]
[EventRounds "7"]
[EventCountry "CAN"]

1. e4 c5 2. Nf3 d6 3. d4 cxd4 4. Nxd4 Nf6 5. Nc3 a6 6. Bg5 e6 7. f4 Be7 8. Qf3
h6 9. Bxf6 Bxf6 10. O-O-O Qc7 11. g4 g5 12. Bg2 Nc6 13. e5 Nxd4 14. Rxd4 dxe5
15. fxe5 Bxe5 16. Rd3 Bxc3 17. Rxc3 Qf4+ 18. Qxf4 gxf4 19. Rf3 e5 20. Re1 f6
21. Rxf4 O-O 22. Rb4 Rb8 23. Rb6 Bxg4 24. Rxb7 Rxb7 25. Bxb7 Bc8 26. Bd5+ Kh7
27. c4 Re8 28. c5 f5 29. b4 e4 30. a4 Be6 31. Bxe6 Rxe6 32. Rf1 Kg6 33. Kd2 e3+
34. Ke2 Re4 35. b5 axb5 36. axb5 Rb4 37. b6 f4 38. Rxf4 Rxf4 39. b7 Rb4 40. c6
h5 41. c7 Rxb7 42. c8=Q Rb2+ 43. Kxe3 Rxh2 44. Qe6+ Kh7 45. Kf3 Rh1 46. Kg2 Rd1
47. Qf5+ Kh6 48. Qf6+ Kh7 49. Qg5 Re1 50. Qxh5+ Kg7 51. Qf3 Re7 52. Kg3 Rf7 53.
Qc3+ Kf8 54. Kg4 Ke8 55. Kg5 Re7 56. Qc6+ Kd8 57. Kf6 Rf7+ 58. Ke6 Rf6+ 1/2-1/2

[Event "NAYCC U14"]
[Site "Montreal CAN"]
[Date "2010.08.17"]
[Round "4"]
[White "Yu, Benoit"]
[Black "Manailoiu, Dragos"]
[Result "0-1"]
[WhiteElo "698"]
[BlackElo "1309"]
[PlyCount "106"]
[EventDate "2010.08.16"]
[EventType "swiss"]
[EventRounds "7"]
[EventCountry "CAN"]

1. Nf3 c5 2. g3 b6 3. Bg2 Bb7 4. Nc3 Nf6 5. d3 e6 6. Bf4 Be7 7. Nb5 d6 8. d4 a6
9. Nc3 cxd4 10. Qxd4 e5 11. Bxe5 dxe5 12. Qxd8+ Bxd8 13. Nxe5 Bxg2 14. Rg1 Bb7
15. O-O-O Bc7 16. Nf3 O-O 17. g4 Bxf3 18. exf3 Bxh2 19. Rge1 Bf4+ 20. Kb1 Nbd7
21. Nd5 Nxd5 22. Rxd5 Nf6 23. Rf5 g5 24. Rd1 Rad8 25. Re1 Rfe8 26. Rg1 Re6 27.
b3 Rd5 28. c4 Rxf5 29. gxf5 Re2 30. Rd1 Rxf2 31. Rd3 Rd2 32. Rc3 Rb2+ 33. Kxb2
Be5 34. Kc2 Bxc3 35. Kxc3 h5 36. Kd2 Ne8 37. Ke2 Nd6 38. Ke3 Nxf5+ 39. Ke4 Nd6+
40. Ke5 h4 41. Kxd6 h3 42. Kc6 h2 43. Kxb6 h1=Q 44. Kxa6 Qxf3 45. Kb5 g4 46. c5
g3 47. c6 g2 48. c7 Qc3 49. Kb6 g1=Q+ 50. Kb7 Qh1+ 51. Kc8 Qhc6 52. Kd8 Qxc7+
53. Ke8 Qe1# 0-1